00348nam a2200133Ia 4500008004100000020001500041041000800056082001600064100001600080245005900096250000600155260004500161300000800206210716s2001 xx 000 0 und d a8178840006 aeng a003.55 PRAD aPraksh Dev. aInformation technology: question bank.bQuestion bank. a1 aNew DehlibCyber Tech Publicationsc2001 a624